000 00588nam a2200181Ia 4500
008 090124s9999 xx 000 0 und d
082 _b43279
100 _aदिवाण वृंदा
245 _aPADAVE PARI पडावे परी
250 _a1
260 _b"कीर्ती प्रकाशन, औरंगाबाद"
_c2003
300 _a156
600 _aदिवाण वृंदा
630 _aPADAVE PARI पडावे परी
700 _aदिवाण वृंदा
730 _aPADAVE PARI पडावे परी
942 _cBOOK
999 _c109509
_d109509